[Event "Landesliga Nord 0203"]
[Site "Bayern"]
[Date "2002.11.17"]
[Round "2.4"]
[White "Schell, Walter"]
[Black "Magyar, Otto"]
[Result "1/2-1/2"]
[WhiteElo "2001"]
[BlackElo "2317"]
[PlyCount "64"]
[EventDate "2002.10.20"]
[EventType "team"]
[EventRounds "9"]
[EventCountry "GER"]
[SourceTitle "EXT 2004"]
[Source "ChessBase"]
[SourceDate "2003.11.25"]
[SourceVersion "1"]
[SourceVersionDate "2003.11.25"]
[SourceQuality "1"]
[WhiteTeam "Sailauf"]
[BlackTeam "Koetzting"]
[WhiteTeamCountry "GER"]
[BlackTeamCountry "GER"]

1. d4 Nf6 2. c4 e6 3. g3 Bb4+ 4. Bd2 Qe7 5. Nf3 Nc6 6. Bg2 Bxd2+ 7. Nbxd2 a5 8. 0-0 0-0 9. e4 d6 10. Qc2 e5 11. d5 Nb8 12. Ne1 Na6 13. Nd3 Nd7 14. a3 Ndc5 15. Nxc5 Nxc5 16. b4 axb4 17. axb4 Rxa1 18. Rxa1 Na6 19. Qc3 c5 20. dxc6 bxc6 21. Bf1 c5 22. b5 Nb4 23. Bg2 Be6 24. Nf1 g6 25. Ne3 Rb8 26. Qd2 Qc7 27. h4 h5 28. Kh2 Qd7 29. Rd1 Rb6 30. Ra1 Rb8 31. Rd1 Rb6 32. Ra1 Rb8 1/2-1/2

[Event "Landesliga Nord 0203"]
[Site "Bayern"]
[Date "2002.10.20"]
[Round "1.4"]
[White "Hitzler, Philipp"]
[Black "Schell, Walter"]
[Result "1/2-1/2"]
[WhiteElo "2057"]
[BlackElo "2001"]
[PlyCount "126"]
[EventDate "2002.10.20"]
[EventType "team"]
[EventRounds "9"]
[EventCountry "GER"]
[SourceTitle "EXT 2004"]
[Source "ChessBase"]
[SourceDate "2003.11.25"]
[SourceVersion "1"]
[SourceVersionDate "2003.11.25"]
[SourceQuality "1"]
[WhiteTeam "Neutraubling"]
[BlackTeam "Sailauf"]
[WhiteTeamCountry "GER"]
[BlackTeamCountry "GER"]

1. d4 d5 2. c4 e6 3. Nc3 c5 4. cxd5 exd5 5. Nf3 Nc6 6. g3 Nf6 7. Bg2 Be7 8. 0-0 0-0 9. Be3 c4 10. b3 Qa5 11. Bd2 Bb4 12. Qe1 Bg4 13. a3 Bxc3 14. Bxc3 Qa6 15. Ne5 cxb3 16. Nxg4 Nxg4 17. Bxd5 Qb5 18. Bf3 Nf6 19. e3 Rac8 20. Qb1 Nd5 21. Bd2 Nb6 22. Be4 h6 23. a4 Qe2 24. Rd1 Nc4 25. Be1 N6a5 26. Bh7+ Kh8 27. Bd3 Qf3 28. Bxc4 Nxc4 29. Qxb3 h5 30. h4 f5 31. Rdc1 Nd6 32. Qe6 Rxc1 33. Rxc1 Rf6 34. Qe5 Ne4 35. d5 Kh7 36. a5 Qe2 37. Qf4 Qb2 38. Rd1 Qe2 39. Rc1 Qb2 40. Qc7 Qb3 41. Qc4 Qb2 42. Rc2 Qb1 43. Qe2 Kh6 44. Kg2 Rd6 45. f3 Nf6 46. e4 fxe4 47. fxe4 Ng4 48. e5 Nxe5 49. Qe3+ Kh7 50. Qe4+ Ng6 51. Bf2 a6 52. g4 Qd1 53. gxh5 Qxh5 54. Rd2 Rxd5 55. Rxd5 Qxd5 56. Qxd5 Nf4+ 57. Kf3 Nxd5 58. Ke4 Ne7 59. Be1 Kg6 60. Ke5 Nc6+ 61. Kd6 Kh5 62. Kc7 Nxa5 63. Bxa5 Kxh4 1/2-1/2